| 000 | 00582nam a2200217 4500 | ||
|---|---|---|---|
| 001 | sa 68012037 | ||
| 003 | DLC | ||
| 005 | 20260227112606.0 | ||
| 008 | 691107s1968 ii b 00100 eng | ||
| 010 | _asa 68012037 | ||
| 025 | _aPL480:I-E-11040 | ||
| 050 | 0 |
_aHT720 _b.B6 |
|
| 082 | _a301.44 | ||
| 100 | 1 | 0 | _aBose, Devabrata. |
| 245 | 1 |
_aThe problems of Indian society. _cForeword by P. C. Mahalanobis. |
|
| 260 | 0 |
_aBombay, _bPopular Prakashan _c[1968] |
|
| 300 |
_aix, 206 p. _c22 cm. |
||
| 350 | _a28.00 | ||
| 504 | _aBibliography: p. 193-199. | ||
| 650 | 0 |
_aCaste _zIndia. |
|
| 999 |
_c84264 _d84264 |
||